Catálogo
 En Linea
Vista normal Vista MARC

Entrada Nombre corporativo

Número de registros utilizados en: 2

001 - NÚMERO DE CONTROL

  • campo de control: 80619

003 - IDENTIFICADOR DEL NÚMERO DE CONTROL

  • campo de control: DO-SdBNP

005 - FECHA Y HORA DE LA ÚLTIMA TRANSACCIÓN

  • campo de control: 20240418200629.0

008 - DATOS DE LONGITUD FIJA

  • campo de control de longitud fija: 211115|| aca||aabn | a|a d

040 ## - FUENTE DE LA CATALOGACIÓN

  • Centro catalogador/agencia de origen: DO-SdBNP
  • Lengua de catalogación: spa
  • Centro/agencia transcriptor: BNPHU

110 ## - ENCABEZAMIENTO-NOMBRE DE ENTIDAD CORPORATIVA

  • Nombre de entidad corporativa o nombre de jurisdicción como elemento de entrada: Santo Domingo
  • Unidad subordinada: Ayuntamiento.

451 ## - TRAZADO DE VÉASE--NOMBRE GEOGRÁFICO

  • Nombre geográfico: Distrito de Santo Domingo (República Dominicana )

670 ## - FUENTE DE DATOS ENCONTRADOS

  • Cita de la fuente: United States. Defense Mapping Agency. Hydrographic/Topographic Center. Dominican Republic city graphic 1:12,500. Boca Chica, 1989

Con tecnología Koha